Documento firmado por el virrey Don Diego Fernandez de Cordova (Record no. 4999)

MARC details
000 -CABECERA
campo de control de longitud fija 01399nam a2200277 a 4500
001 - NÚMERO DE CONTROL
campo de control BRCA_5305
005 - FECHA Y HORA DE LA ÚLTIMA TRANSACCIÓN
campo de control 20190320205026.0
008 - DATOS DE LONGITUD FIJA--INFORMACIÓN GENERAL
campo de control de longitud fija 021210m16131619mx-######v---#000-0#spa-#
041 ## - CÓDIGO DE LENGUA
Código de lengua del texto/banda sonora o título independiente spa
044 ## - CÓDIGO DEL PAÍS DE LA ENTIDAD EDITORA/PRODUCTORA
Código MARC del país mx
084 ## - OTRO NÚMERO DE CLASIFICACIÓN
Número de clasificación DOC148B
Número de documento/Ítem .F47
-- 1613
100 1# - ENTRADA PRINCIPAL--NOMBRE DE PERSONA
Nombre de persona Fernandez de Cordova, Diego
Títulos y otros términos asociados al nombre Marques de Guadalcazar
Fechas asociadas al nombre 1578-1630
9 (RLIN) 13607
245 10 - MENCIÓN DE TÍTULO
Título Documento firmado por el virrey Don Diego Fernandez de Cordova
Mención de responsabilidad, etc. Diego Fernandez de Cordova ; Antonio Almaraz.
260 ## - PUBLICACIÓN, DISTRIBUCIÓN, ETC.
Lugar de publicación, distribución, etc. México
Fecha de publicación, distribución, etc. 1613-1619
300 ## - DESCRIPCIÓN FÍSICA
Extensión [8] fojas
Dimensiones 31 x 22 cm.
500 ## - NOTA GENERAL
Nota general Texto tomado de la primera foja: ´Testimonio de duplicado de la merced del Señor Virrey Don Diego Fernandez de Cordova, Marques de Guadalcazar, hecha a Don Antonio Almaraz de ocho sitios de estancia para ganado menor en términos del Pueblo de Tanchipa, jurisdicción de la villa de valles´.
500 ## - NOTA GENERAL
Nota general Papel con marca de agua.
500 ## - NOTA GENERAL
Nota general Estado de conservación: contiene manchas por acidez, roturas en las fojas y márgenes deteriorados.
506 0# - NOTA DE RESTRICCIONES AL ACCESO
Limitaciones de acceso Fondo Reservado. Para su consulta es necesario credencial de usuario y carta de motivos.
546 ## - NOTA DE LENGUA/LENGUAJE
Nota de lengua/lenguaje Texto en: español de principios del siglo XVII.
600 14 - PUNTO DE ACCESO ADICIONAL DE MATERIA--NOMBRE DE PERSONA
Nombre de persona Fernandez de Cordova, Diego
Títulos y otros términos asociados al nombre Marques de Guadalcazar
Fechas asociadas al nombre 1578-1630
9 (RLIN) 13607
650 14 - PUNTO DE ACCESO ADICIONAL DE MATERIA--TÉRMINO DE MATERIA
Término de materia o nombre geográfico como elemento de entrada Documentos legales
Subdivisión general Historia
9 (RLIN) 13232
651 #4 - PUNTO DE ACCESO ADICIONAL DE MATERIA--NOMBRE GEOGRÁFICO
Nombre geográfico México
Subdivisión general Historia
Subdivisión cronológica Colonia, 1521-1821
9 (RLIN) 12461
902 ## - CATALOGADOR
Iniciales FDH
942 ## - ELEMENTOS DE PUNTO DE ACCESO ADICIONAL (KOHA)
Fuente del sistema de clasificación o colocación Library of Congress Classification
Tipo de ítem Koha Documentos
Holdings
Estado de retiro Estado de pérdida Estado dañado No para préstamo Localización permanente Ubicación/localización actual Fecha de adquisición Total de préstamos Signatura topográfica completa Código de barras Fecha visto por última vez Precio válido a partir de Tipo de ítem Koha
El ejemplar forma parte de la colección y puede ser consultado según las políticas vigentes.       Biblioteca del Museo Franz Mayer (Rogerio Casas-Alatriste) Biblioteca del Museo Franz Mayer (Rogerio Casas-Alatriste) 02/12/2010   DOC148B .F47 1613 5740 22/03/2019 22/03/2019 Documentos